000 nam a22 7a 4500
999 _c19060
_d19060
008 170114b xxu||||| |||| 00| 0 eng d
020 _a 9780875898872
050 _aLC5251
_b .L4 1982
100 _a[edited by Knox,Alan B.]
245 _aLeadership strategies for meeting new challenges/
_cAlan B. Knox
260 _aSan Francisco :
_bJossey-Bass,
_c©1982.
300 _a115p. :
500 _aincludes index.
942 _2lcc
_cBOOKS
_hLC5251 .L4 1982